MS office / (Record no. 39443)

MARC details
000 -LEADER
fixed length control field 00742nam a22002177a 4500
005 - DATE AND TIME OF LATEST TRANSACTION
control field 2010080503593.0
010 ## - LCCN (DPL NO)
LC control number ENG-98319
020 ## - INTERNATIONAL STANDARD BOOK NUMBER
Terms of availability 50.00
035 ## - SYSTEM CONTROL NUMBER
System control number EN-81852
037 ## - SOURCE OF ACQUISITION
Source of stock number/acquisition DBAD/PUB
082 ## - DEWEY DECIMAL CLASSIFICATION NUMBER
Classification number 005.3
100 ## - MAIN ENTRY--PERSONAL NAME
Personal name Ramu, Gopu
245 ## - TITLE STATEMENT
Title MS office /
Statement of responsibility, etc by Gopu Ramu [and] A. Ravi Kiran
260 ## - PUBLICATION, DISTRIBUTION, ETC. (IMPRINT)
Place of publication, distribution, etc Vijayawada
Name of publisher, distributor, etc Sri Balaji Publications
Date of publication, distribution, etc n.d
270 ## - ADDRESS
Address 33-3-31, Ramanayudu Street Seetaramapuram
City Vijayawada
Postal code 520002
300 ## - PHYSICAL DESCRIPTION
Extent 148p.
Dimensions 21cm (pbk)
650 ## - SUBJECT ADDED ENTRY--TOPICAL TERM
Topical term or geographic name as entry element Microsoft Office
700 ## - ADDED ENTRY--PERSONAL NAME
Personal name Ravi Kiran, A.
9 (RLIN) 6864
942 ## - ADDED ENTRY ELEMENTS (KOHA)
Source of classification or shelving scheme Dewey Decimal Classification
Item type English Books
Classification part 005.3
Call number suffix RAM
Holdings
Withdrawn status Lost status Not for loan Collection code Home library Current library Date acquired Source of acquisition Cost, normal purchase price Full call number Barcode Copy number Cost, replacement price Koha item type
    Not For Loan Non-fiction D.B.Act.Division D.B.Act.Division 05/08/2010 DBAD/PUB 50.00 005.3 RAM EN-81852 1 50.00 English Books

© Delhi Public Library
Hit Counter
free hit counter